banner-ar

التعلم الالكترونى المعاصر : (Record no. 61011)

MARC details
000 -الفاتح
حقل البيانات ثابتة الطول 01003nam a22002417a 4500
005 - وقت وتاريخ اخر تعامل مع التسجيلة
رقم الضبط 20240530110439.0
008 - عناصر البيانات ثابتة الطول - معلومات عامة
حقل البيانات ثابتة الطول 150418s2011 ua g b 000 0 ara d
017 ## - رقم الايداع القانونى
رقم الايداع القانونى 2011/104132
المصدر ( الهيئة المختصة) مصر . دار الكتب المصرية
020 ## - الرقم الدولى المعيارى للكتب
الرقم الدولى المعيارى للكتاب 9789774276875
040 ## - مصدر الفهرسة
وكالة الفهرسة الأصلية EG-CaGPL
082 04 - رقم تصنيف ديوى العشرى
رقم الطبعة 21
رقم التصنيف 371.358\
رقم المادة م ت
100 0# - المدخل الرئيسى - إسم شخصى
الإسم الشخصى محمد محمد الهادى
245 12 - بيان العنوان
العنوان التعلم الالكترونى المعاصر :
بقية العنوان ابعاد تصميم وتطوير برمجياته الالكترونية /
بيان المسئوليه,etc محمد محمد الهادى .
250 ## - بيان الطبعة
بيان الطبعة ط1.
260 ## - PUBLICATION, DISTRIBUTION, ETC. (IMPRINT)
تاريخ النشر أو التوزيع 2011.
300 ## - الوصف المادى
التعداد 327 ص ؛
أبعاد الوعاء 24 سم .
504 ## - تبصرة ببليوجرافية
تبصرة ببليوجرافية,الخ يشتمل على ارجاعات ببليوجرافية
650 04 - المدخل الاضافى بالموضوع-مصطلح موضوعى
مصطلح موضوعي التعليم الالكترونى.
650 04 - المدخل الاضافى بالموضوع-مصطلح موضوعى
مصطلح موضوعي التعليم الالكترونى
التقسيم الفرعي العام الجودة الشاملة.
650 04 - المدخل الاضافى بالموضوع-مصطلح موضوعى
مصطلح موضوعي التعليم
التقسيم الفرعي العام برامج.
942 ## - عناصر المدخل الإضافي( كوها)
مصدر التصنيف او مخطط الترفيف Dewey Decimal Classification
Koha [default] item type كتاب
260 ## - PUBLICATION, DISTRIBUTION, ETC. (IMPRINT)
-- القاهرة :
-- الدار المصرية اللبنانية ،
Holdings
حالة التراجع حالة الفقد حالة تلف ليس للاعارة المكان المؤقت الموقع الحالى تاريخ الاكتساب اجمالي اﻻعارات رقم الطلب الباركود تاريخ اخر مشاهدة تاريخ تفعيل السعر نوع وعاء كوها
        مكتبة القاهرة الكبرى مكتبة القاهرة الكبرى 04/18/2015   371.358\ م ت 160215 04/18/2015 04/18/2015 كتاب

Powered By

EGPV